Largest Cities On Each Continent Beginning With 'M' - Statistics

General Stats
  • This quiz has been taken 1,940 times
    1,619 since last reset
  • The average score is 18 of 34
Answer Stats
Continent Population Answer % Correct
Europe 19,100,000 Moscow
96%
Oceania 5,000,000 Melbourne
94%
North America 25,100,000 Mexico City
93%
Europe 6,650,000 Madrid
90%
Asia 27,100,000 Mumbai
90%
Europe 6,100,000 Milan
83%
Europe 3,150,000 Manchester
82%
Asia 27,200,000 Manila
82%
South America 4,275,000 Medellín
74%
North America 6,300,000 Miami
74%
Europe 2,300,000 Munich
74%
North America 4,425,000 Montreal
71%
Africa 2,525,000 Maputo
65%
South America 1,890,000 Montevideo
61%
North America 6,000,000 Monterrey
60%
North America 3,225,000 Minneapolis
59%
Africa 2,175,000 Mogadishu
58%
South America 2,150,000 Manaus
57%
Africa 1,170,000 Marrakesh
57%
Africa 1,340,000 Mombasa
52%
Europe 2,100,000 Minsk
45%
Asia 2,600,000 Mecca
44%
South America 2,800,000 Maracaibo
43%
Africa 1,870,000 Monrovia
39%
North America 1,500,000 Milwaukee
32%
Asia 3,425,000 Mashhad
29%
Asia 4,200,000 Medan
28%
South America 1,170,000 Mendoza
28%
Africa 2,425,000 Mbuji-Mayi
16%
Asia 2,300,000 Multān
15%
South America 1,470,000 Maracay
12%
Oceania 88,162 Mackay
4%
Oceania 38,052 Mildura
4%
Oceania 35,971 Madang
2%
No matching quizzes found
Score Distribution
Percent of People with Each Score
Percentile by Number Answered
Your Score History
You have not taken this quiz since the last reset